Art Sleuth (Record no. 333114)
[ view plain ]
| 000 -LEADER | |
|---|---|
| fixed length control field | 00504nam a2200097Ia 4500 |
| 008 - FIXED-LENGTH DATA ELEMENTS--GENERAL INFORMATION | |
| fixed length control field | 170517s9999 xx 000 0 und d |
| 245 ## - TITLE STATEMENT | |
| Title | Art Sleuth |
| 300 ## - PHYSICAL DESCRIPTION | |
| Extent | Using unique detective-like approach the author analyzes famous artworks of Van Gogh, Manet, Botticelli, Vigee Le Brun, Rembrandt, Holbein, Bellini, Carpaccio, and Bruegel. Van Gogh painted "The Starry Night" in a sanatorium, a year before he committed suicide. While... |
| 650 ## - SUBJECT ADDED ENTRY--TOPICAL TERM | |
| General subdivision | Art. |
| 856 ## - ELECTRONIC LOCATION AND ACCESS | |
| Uniform Resource Identifier | <a href="http://topdocumentaryfilms.com/art-sleuth/">http://topdocumentaryfilms.com/art-sleuth/</a> |
| Withdrawn status | Lost status | Damaged status | Home library | Current library | Date acquired | Total Checkouts | Date last seen | Price effective from | Koha item type |
|---|---|---|---|---|---|---|---|---|---|
| College Library | College Library | 05/17/2017 | 05/17/2017 | 05/17/2017 | Documentary Films |